Marie Terezie : 300 let od narození /
Jednotlivé texty se zaměřují na osobnost Marie Terezie, její vztahy k českým zemím, soukromý život, pohled české historiografie na tuto vladařku, nejdůležitější tereziánské reformy nebo zásluhy Marie Terezie na celkové modernizaci podunajské monarchie. Součástí sborníku je rovněž obrazová příloha....
Uloženo v:
| Série: | Publikace,
část 39 |
|---|---|
| Hlavní autor: | |
| Další autoři: | , , , , , , , , , , |
| Médium: | E-kniha |
| Jazyk: | Czech |
| Vydáno: |
Praha :
Institut Václava Klause,
2017
|
| Vydání: | Vydání první |
| Edice: | Publikace (Institut Václava Klause)
|
| Témata: | |
| Příbuzné jednotky: | Z cyklu::
Publikace |
| Tagy: |
Žádné tagy |
| LEADER | 04110nam a2200805 i 4500 | ||
|---|---|---|---|
| 001 | 310908 | ||
| 003 | CZ PrSKC | ||
| 005 | 20260601215656.0 | ||
| 007 | ta | ||
| 008 | 171020s2017 xr acfhe 000 0dcze | ||
| 015 | |a cnb002942501 | ||
| 020 | |a 9788075420398 |q (brožováno) | ||
| 035 | |a (OCoLC)1015192960 | ||
| 040 | |a OLA001 |b cze |d ABA001 |e rda | ||
| 041 | 1 | |a cze |h ger | |
| 043 | |a e-au--- |a e-xr--- | ||
| 045 | |a v1v8 | ||
| 072 | 7 | |a 94(430/439) |x Dějiny zemí střední Evropy |2 Konspekt | |
| 072 | 7 | |a 929 |x Biografie |2 Konspekt | |
| 080 | |a 929.731-055.2 |2 MRF | ||
| 080 | |a 929 |2 MRF | ||
| 080 | |a 94(436) |2 MRF | ||
| 080 | |a (437.3) |2 MRF | ||
| 080 | |a (062.534) |2 MRF | ||
| 080 | |a (082.2) |2 MRF | ||
| 100 | 1 | |a Weigl, Jiří, |d 1958- |7 osa2016935307 |4 aut | |
| 245 | 1 | 0 | |a Marie Terezie : |b 300 let od narození / |c Jiří Weigl, Jan Sechter, Ferdinand Trauttmansdorff, Jaroslav Čechura, Jindřich Forejt, Karl Vocelka, Vladimír Liška, Milan Hlavačka, Eduard Maur, Josef Pekař, Václav Junek, Michal Skořepa |
| 250 | |a Vydání první | ||
| 264 | 1 | |a Praha : |b Institut Václava Klause, |c 2017 | |
| 300 | |a 116 stran, 8 nečíslovaných stran obrazových příloh : |b ilustrace (převážně barevné), portréty, faksimile ; |c 21 cm | ||
| 336 | |a text |b txt |2 rdacontent | ||
| 337 | |a bez média |b n |2 rdamedia | ||
| 338 | |a svazek |b nc |2 rdacarrier | ||
| 490 | 1 | |a Publikace ; |v č. 39/2017 | |
| 500 | |a Částečně přeloženo z němčiny | ||
| 504 | |a Obsahuje bibliografie a bibliografické odkazy | ||
| 520 | 2 | |a Jednotlivé texty se zaměřují na osobnost Marie Terezie, její vztahy k českým zemím, soukromý život, pohled české historiografie na tuto vladařku, nejdůležitější tereziánské reformy nebo zásluhy Marie Terezie na celkové modernizaci podunajské monarchie. Součástí sborníku je rovněž obrazová příloha. | |
| 520 | 2 | |a Sborník příspěvků ze semináře konaného u příležitosti 300. výročí narození významné panovnice 18. století. | |
| 600 | 0 | 7 | |a Marie Terezie, |c česká a uherská královna, císařovna, choť Františka Štěpána I., římskoněmeckého císaře, |d 1717-1780 |7 jn20000701157 |2 czenas |
| 600 | 0 | 9 | |a Maria Theresa, |c Empress of Austria, |d 1717-1780 |2 eczenas |
| 648 | 4 | |a 1717-1780 | |
| 648 | 7 | |a 18. století |7 ch460556 |2 czenas | |
| 650 | 0 | 7 | |a panovnice |7 ph123930 |z Rakousko |y 18. století |2 czenas |
| 650 | 0 | 7 | |a panovnice |7 ph123930 |z Česko |y 18. století |2 czenas |
| 650 | 0 | 9 | |a queens and empresses |z Austria |y 18th century |2 eczenas |
| 650 | 0 | 9 | |a queens and empresses |z Czechia |y 18th century |2 eczenas |
| 651 | 7 | |a Rakousko |7 ge130612 |x dějiny |y 18. století |2 czenas | |
| 651 | 9 | |a Austria |x history |y 18th century |2 eczenas | |
| 655 | 7 | |a sborníky konferencí |7 fd133333 |2 czenas | |
| 655 | 7 | |a jubilejní publikace |7 fd131839 |2 czenas | |
| 655 | 9 | |a proceedings of conferences |2 eczenas | |
| 655 | 9 | |a jubilee books |2 eczenas | |
| 700 | 1 | |a Sechter, Jan, |d 1968- |7 pna2017969270 |4 aut | |
| 700 | 1 | |a Trauttmansdorff, Ferdinand, |d 1950- |7 pna2017969274 |4 aut | |
| 700 | 1 | |a Čechura, Jaroslav, |d 1952- |7 jn19990201048 |4 aut | |
| 700 | 1 | |a Forejt, Jindřich, |d 1977- |7 hka2017961074 |4 aut | |
| 700 | 1 | |a Vocelka, Karl, |d 1947- |7 jn19990009749 |4 aut | |
| 700 | 1 | |a Liška, Vladimír, |d 1955- |7 jn20010906012 |4 aut | |
| 700 | 1 | |a Hlavačka, Milan, |d 1955- |7 jn19990201029 |4 aut | |
| 700 | 1 | |a Maur, Eduard, |d 1937- |7 jk01080912 |4 aut | |
| 700 | 1 | |a Pekař, Josef, |d 1870-1937 |7 jk01092389 |4 aut | |
| 700 | 1 | |a Junek, Václav, |d 1950- |7 mzk2005294890 |4 aut | |
| 700 | 1 | |a Skořepa, Michal, |d 1972- |7 nlk20030145247 |4 aut | |
| 830 | 0 | |a Publikace (Institut Václava Klause) | |
| 900 | |a ABA001 |b 19 | ||
| 044 | |a xr | ||
| 787 | 0 | 8 | |g 39 |i Z cyklu: |t Publikace |
| 910 | |a RBIT002 | ||
| 998 | |d 178564 |a https://core.palmknihy.cz/api/books/178564/cover?p9wh65 |b https://core.palmknihy.cz/api/books/178564/cover/400?p9wh65 |c https://core.palmknihy.cz/api/books/178564/cover/50?p9wh65 |e |g 116 |i 9788075420398 |j https://core.palmknihy.cz/api/books/178564/preview.epub |l |q 49 |r 1 |s https://www.palmknihy.cz/kniha/178564 |t ebook |y 2017 |z 0 |v Publikace |w 39 | ||
| 999 | |d 310906 | ||